| 000 | 00472pab a2200169 454500 | ||
|---|---|---|---|
| 008 | 180718b1999 xxu||||| |||| 00| 0 eng d | ||
| 100 | _aAhmed, A.K.N. | ||
| 245 | _aEconomic liberalisation in China and Russia: contrasting experience | ||
| 260 | _c1999 | ||
| 300 | _ap.6-9 | ||
| 362 | _a9 Oct | ||
| 650 | _aEconomic liberalization - Russia | ||
| 650 | _aEconomic liberalization - China | ||
| 650 | _aEconomic liberalization | ||
| 773 | _aMainstream | ||
| 909 | _a42739 | ||
| 999 |
_c42739 _d42739 |
||